000 00796nam a2200265Ia 4500
003 OSt
005 20220926005417.0
006 a|||||r|||| 00| 0
007 ta
008 220923b |||||||| |||| 00| 0 eng d
020 _a9788187358572
037 _cGeneral Book
040 _aRTL
_cRTL
_beng
041 _2eng
_aeng
082 _aY9(W).2.N9, P9/TD
100 _aFuller C J Ed.
_9310227
245 0 _aEveryday state and society in modern India.
260 _a New Delhi
_bSocial Science Press
_c2009
300 _aviii, 221p
_ccm.
500 _aBibliography chapterwise
650 _aPolitical Sociology
700 _a Benei Veronique Ed.
_9144070
942 _hY9(W).2.N9, P9/TD
_cGB
_2CC
999 _c613729
_d613729